=LDR 00000nam 2200000 4500 =001 INLIS000000000023920 =005 20200928090502 =035 ##$$a 0010-061300000023920 =008 200928################g##########0#ind## =041 ##$$a Ind =082 ##$$a 306.4 =090 ##$$a 306.4, Tek z =245 1#$$a Teknologi canggih dan kebebasan manusia /$c Penerjemah, Sonny Keraf, A dan Masri Maris; Penyunting, Lewis H. Lapham =260 ##$$a Jakarta :$b Yayasan Obor Indonesia,$c 1989 =300 ##$$a xxiii, 201 hlm ; $c 20 x 14 cm =650 #4$$a Teknologi dan peradaban =850 ##$$a NBPNMAT =020 ##$$a 479-461-039-9 =084 ##$$a 306.4 TEK t =100 #$$a Teknologi canggih dan kebebasan manusia =504 ##$$a Indeks: halaman 194-199 =990 ##$$a 7.0145/pro.92 =990 ##$$a DW99006542 =990 ##$$a 35.624/pro.90 =990 ##$$a 00090915 =990 ##$$a 32.935/Hd.90 =990 ##$$a 35.622/pro.90